000
00207 a2200073 4500
245
0
_a
Parametric amplifiers /
_c
Decroly J.C..
710
2
_a
Macmillan.
_e
Wydawca
_4
pbl
260
_a
London :
_b
Macmillan,
_c
1973.
300
_a
XX,442 s.;
_c
24 cm.
999
_c
10128
_d
10128